000
00308nam a2200109Ia 4500
008
171211s9999 xx 000 0 und d
245
_a
Zentangle from the Heart
245
_c
Jeanne Paglio and Michael Hale
260
_c
2013
650
_x
Drawing
856
_u
http://down.ebook777.com/006/9781484832677.rar
999
_c
348017
_d
348017